000 00716cab a2200205 4500
001 X88909
008 090401t1998 xxu||||| |||| 00| 0 eng d
035 _a(Sirsi) u83305
041 _aeng
245 _aCo-operative Retail Service ltd v Tesco Stores ltd
260 _c1998
350 _a0
490 _aNew Property Cases
_v[1998] 5 NPC (2)
520 _aCA 20 January 1998. Breach of restrictive covenant-Whether burdened land `used for the purpose of food retailing`. TAKEN FROM HEADNOTE. NOT TO BE PHOTOCOPIED.
650 _aCO-OPERATIVE RETAIL SERVICES LTD V TESCO STORES LTD
650 _aRESTRICTIVE COVENANT
690 _aPROPERTY LAW AND PRACTICE-CASE LAW
942 _n0
948 _c26/01/1998
999 _c52606
_d52606